[Event "CRI-chT"]
[Site "San Jose"]
[Date "2024.06.09"]
[Round "6.4"]
[White "Baquero Montoya, Carlos Alfonso"]
[Black "Garro Reyes, Juan Mauricio"]
[Result "1/2-1/2"]
[WhiteElo "1869"]
[BlackElo "1853"]
[PlyCount "76"]
[EventDate "2024.04.28"]
[EventType "team-swiss"]
[EventRounds "7"]
[EventCountry "CRI"]
[SourceTitle "EXT 2025"]
[Source "ChessBase"]
[SourceDate "2024.10.14"]
[SourceVersion "1"]
[SourceVersionDate "2024.10.14"]
[SourceQuality "1"]
[WhiteTeam "Puro Ajedrez"]
[BlackTeam "Bazinga"]
[WhiteTeamCountry "CRI"]
[BlackTeamCountry "CRI"]

1. e4 d6 2. Nf3 Nf6 3. Nc3 g6 4. h3 Bg7 5. d4 0-0 6. Be3 c6 7. Bd3 b5 8. Qd2 Nbd7 9. Ne2 e5 10. c3 Re8 11. Ng3 Bb7 12. 0-0 a6 13. Bg5 Qc7 14. Rae1 Rad8 15. Bb1 Nb6 16. Qc1 c5 17. dxe5 dxe5 18. Nd2 Rd7 19. Re2 Red8 20. f3 h6 21. Be3 c4 22. Rfe1 Kh7 23. Bc2 Re7 24. Ndf1 Nbd7 25. Rd2 Ree8 26. Red1 Nf8 27. Nh1 Ne6 28. Nf2 Rxd2 29. Rxd2 Rd8 30. Qd1 Rxd2 31. Qxd2 Nh5 32. Ng4 Nhf4 33. Kh2 h5 34. Nf2 h4 35. Nd1 Qe7 36. Qf2 Qd8 37. Qd2 Qe7 38. Qf2 Qd8 1/2-1/2

[Event "CRI-chT"]
[Site "San Jose"]
[Date "2024.06.02"]
[Round "5.3"]
[White "Guillen Murillo, Sergio Guillermo"]
[Black "Garro Reyes, Juan Mauricio"]
[Result "1/2-1/2"]
[WhiteElo "1825"]
[BlackElo "1853"]
[PlyCount "77"]
[EventDate "2024.04.28"]
[EventType "team-swiss"]
[EventRounds "7"]
[EventCountry "CRI"]
[SourceTitle "EXT 2025"]
[Source "ChessBase"]
[SourceDate "2024.10.14"]
[SourceVersion "1"]
[SourceVersionDate "2024.10.14"]
[SourceQuality "1"]
[WhiteTeam "Equipo Senior"]
[BlackTeam "Bazinga"]
[WhiteTeamCountry "CRI"]
[BlackTeamCountry "CRI"]

1. Nf3 Nf6 2. e3 g6 3. b4 Bg7 4. Bb2 0-0 5. Be2 d6 6. d4 Nbd7 7. c4 c5 8. bxc5 dxc5 9. d5 Nb6 10. a4 a5 11. Nbd2 e6 12. e4 exd5 13. exd5 Re8 14. 0-0 Bf5 15. h3 Ne4 16. Bxg7 Kxg7 17. Nxe4 Bxe4 18. Bd3 Qf6 19. Bxe4 Rxe4 20. Nd2 Rd4 21. Qe2 Qf4 22. Nf3 Rxc4 23. Qb2+ Qf6 24. Qb5 Rc3 25. Rab1 Nxd5 26. Qxb7 Rd8 27. Nd2 Qh4 28. Rfe1 Rc2 29. Ne4 Nb4 30. g3 Qxh3 31. Qe7 Rd7 32. Qf6+ Kh6 33. Qf4+ Kg7 34. Nf6 Rd8 35. Ne8+ Rxe8 36. Rxe8 Nd3 37. Qd6 Rxf2 38. Qf8+ Kf6 39. Qe7+ 1/2-1/2